000 00371nam a22001217a 4500
999 _c3714
_d3714
005 20201210151816.0
008 201210b ||||| |||| 00| 0 eng d
020 _a0435452142
040 _cCML
245 _aEarly Years Care and Education.
_cBeith K.
260 _aOxford
_bHeinemann Educational Publishers
_c2003
942 _2ddc
_cBK
_e1st Edition
_h305
_mBEI